01262cam a22003614a 45000010009000000050017000090080041000260100017000670150019000840160020001030160018001230200031001410350024001720350021001960400023002170500021002400600023002610820016002841000021003002450100003212600058004213000033004794400039005125040066005516500038006176500023006556500028006786500035007066500027007416500027007687000022007958560083008171526460720170105102919.0080415s2008 enka b 001 0 eng  a 2008017222 aGBA8656192bnb7 a1014714472DNLM7 a0146139392Uk a9780198570707 (alk. paper) a(OCoLC)ocn216938550 a(OCoLC)216938550 aDNLM/DLCcDLCdDLC00aQP405b.B86 200810aWW 105bB942p 200800a612.8/22221 aBundesen, Claus.10aPrinciples of visual attention :blinking mind and brain /cClaus Bundesen and Thomas Habekost. aOxford ;aNew York :bOxford University Press,c2008. axi, 360 p. :bill. ;c24 cm. 0aOxford psychology series ;vno. 46 aIncludes bibliographical references (p. [327]-354) and index. 0aAttentionxPhysiological aspects. 0aVisual perception. 0aCognitive neuroscience.12aVisual Perceptionxphysiology.22aAttentionxphysiology.22aModels, Psychological.1 aHabekost, Thomas.413Table of contents onlyuhttp://www.loc.gov/catdir/toc/ecip0816/2008017222.html